000 00593nam a2200169 a 4500
001 000023966
005 20200930022616.0
008 110117s1977 sp 000 0 spa d
020 _a8471460513
040 _aDO-SdBNP
_bspa
_cBNPHU
082 _axxx
_bxxx
245 0 0 _aPuentes y pasos elevados para carreteras y vías urbanas /
_cCarlos Fernández Casado... [et al.].
260 _aBarcelona :
_bTécnicos Asociados,
_c1977.
300 _a258 p. :
_bil. ;
_c19 cm.
500 _aIncluye referencias bibliográficas y notas al pie de las páginas.
700 1 _aFernández Casado, Carlos.
_949301
999 _c23462
_d23462